Powerful Teaching (Record no. 85115)

MARC details
000 -LEADER
fixed length control field 00676nam a22002417a 4500
003 - CONTROL NUMBER IDENTIFIER
control field URS
005 - DATE AND TIME OF LATEST TRANSACTION
control field 20250828100517.0
008 - FIXED-LENGTH DATA ELEMENTS--GENERAL INFORMATION
fixed length control field 250319b ||||| |||| 00| 0 eng d
020 ## - INTERNATIONAL STANDARD BOOK NUMBER
International Standard Book Number 978119521846
040 ## - CATALOGING SOURCE
Transcribing agency URS
050 ## - LIBRARY OF CONGRESS CALL NUMBER
Classification number LB1062
Item number .A36 2019
100 ## - MAIN ENTRY--PERSONAL NAME
9 (RLIN) 11411
Personal name Pooja, Agarwal K.
245 ## - TITLE STATEMENT
Title Powerful Teaching
Remainder of title Unleash the Science of Learning
264 ## - PRODUCTION, PUBLICATION, DISTRIBUTION, MANUFACTURE, AND COPYRIGHT NOTICE
Place of production, publication, distribution, manufacture San Francisco
Name of producer, publisher, distributor, manufacturer Jossey-Bass
Date of production, publication, distribution, manufacture, or copyright notice ©2019
300 ## - PHYSICAL DESCRIPTION
Extent 340 pages.,:
336 ## - CONTENT TYPE
Source rdacontent
Content type term text
337 ## - MEDIA TYPE
Source rdamedia
Media type term unmediated
338 ## - CARRIER TYPE
Source rdacarrier
Carrier type term volume
650 #0 - SUBJECT ADDED ENTRY--TOPICAL TERM
9 (RLIN) 2092
Topical term or geographic name entry element Cognitive learning
650 #0 - SUBJECT ADDED ENTRY--TOPICAL TERM
9 (RLIN) 11412
Topical term or geographic name entry element Effective Learning
700 ## - ADDED ENTRY--PERSONAL NAME
9 (RLIN) 11413
Personal name Bain, Patrice M.
942 ## - ADDED ENTRY ELEMENTS (KOHA)
Source of classification or shelving scheme Library of Congress Classification
Koha item type Reserved Books
Holdings
Withdrawn status Source of classification or shelving scheme Damaged status Not for loan Collection code Home library Current library Date acquired Total Checkouts Full call number Barcode Date last seen Price effective from Koha item type
  Library of Congress Classification     Non-fiction Morong Graduate Library Morong Graduate Library 03/19/2025   LB1062 .A36 2019 URSMOR-GL-5755 03/19/2025 03/19/2025 Reserved Books

University of Rizal System
Email us at univlibservices@urs.edu.ph

Visit our Website www.urs.edu.ph/library